[Event "St-Jean op"]
[Site "Quebec CAN"]
[Date "2011.06.26"]
[Round "5"]
[White "Libersan, Thierry"]
[Black "Bolduc, Steve"]
[Result "0-1"]
[WhiteElo "2140"]
[BlackElo "2302"]
[PlyCount "98"]
[GameId "2160767909704179"]
[EventDate "2011.06.24"]
[EventType "swiss"]
[EventRounds "5"]
[EventCountry "CAN"]

1. e4 d6 2. d4 Nf6 3. Nc3 g6 4. f4 Bg7 5. Nf3 c5 6. d5 O-O 7. Be2 b5 8. Bxb5 Nxe4 9. Nxe4 Qa5+ 10. Nc3 Bxc3+ 11. bxc3 Qxb5 12. Nd2 Nd7 13. c4 Qa4 14. O-O Nf6 15. Qe2 Re8 16. Bb2 Bg4 17. Nf3 Bf5 18. Rfc1 Rab8 19. Bc3 Qa3 20. Be1 e6 21. dxe6 Rxe6 22. Qd2 Ne4 23. Qd3 Qa4 24. Qf1 h6 25. Nh4 Re7 26. Nxf5 gxf5 27. Qd3 Re6 28. a3 Qc6 29. Rab1 Rbe8 30. Bh4 f6 31. Rb3 R6e7 32. Qh3 Rg7 33. Re1 Rg4 34. Bg3 Nxg3 35. Rxe8+ Qxe8 36. hxg3 h5 37. Kf2 Kg7 38. Re3 Qf7 39. Qh1 Kg6 40. Qf1 h4 41. Qe2 Qb7 42. Rb3 Qe4 43. Qxe4 fxe4 44. gxh4 Rxf4+ 45. Kg3 Rf1 46. Rb7 f5 47. Rxa7 e3 48. Re7 Kf6 49. Rxe3 f4+ 0-1

[Event "Rimouski"]
[Site "Rimouski CAN"]
[Date "2011.05.21"]
[Round "1"]
[White "Bolduc, Steve"]
[Black "Senecal, Jean-Pierre"]
[Result "1-0"]
[WhiteElo "2283"]
[BlackElo "1280"]
[PlyCount "91"]
[GameId "2160767909704293"]
[EventDate "2011.05.21"]
[EventType "swiss"]
[EventRounds "8"]
[EventCountry "CAN"]

1. d4 Nf6 2. c4 e6 3. g3 c6 4. Bg2 d5 5. Nf3 Bb4+ 6. Bd2 a5 7. O-O Nbd7 8. Bg5 h6 9. Bxf6 Qxf6 10. c5 a4 11. a3 Bxc5 12. dxc5 Qxb2 13. Nbd2 Nxc5 14. Qc1 Qxc1 15. Rfxc1 Ne4 16. Nxe4 dxe4 17. Ne5 Ra5 18. Nc4 Ra6 19. Bxe4 O-O 20. Rab1 f5 21. Bg2 Rd8 22. Nb6 Kf8 23. Nxc8 Rxc8 24. Rxb7 c5 25. Rb5 Rc7 26. Rbxc5 Rxc5 27. Rxc5 Kf7 28. f4 g5 29. Kf2 gxf4 30. gxf4 Kf6 31. Rc6 Ra7 32. Bd5 Re7 33. Bc4 Kf7 34. Ke3 h5 35. h4 Re8 36. Kd4 Rd8+ 37. Ke5 Rd2 38. Rxe6 Rc2 39. Rc6+ Ke7 40. Kxf5 Rc3 41. Re6+ Kd8 42. Bd3 Rxa3 43. Ra6 Ra1 44. Ke6 Kc7 45. f5 a3 46. f6 1-0

[Event "Rimouski"]
[Site "Rimouski CAN"]
[Date "2011.05.21"]
[Round "2"]
[White "Laberge, Jean-Denis"]
[Black "Bolduc, Steve"]
[Result "0-1"]
[WhiteElo "1448"]
[BlackElo "2283"]
[PlyCount "56"]
[GameId "2160767909704294"]
[EventDate "2011.05.21"]
[EventType "swiss"]
[EventRounds "8"]
[EventCountry "CAN"]

1. d4 Nf6 2. c4 e6 3. Nc3 d5 4. Nf3 c5 5. cxd5 Nxd5 6. e3 Nc6 7. Be2 Be7 8. O-O O-O 9. Re1 cxd4 10. Nxd5 exd5 11. Nxd4 Bf6 12. Bf3 Ne5 13. b3 Qa5 14. Bd2 Nxf3+ 15. gxf3 Qb6 16. Bc3 Bh3 17. Qd3 Rac8 18. Rac1 Rfe8 19. Ne2 Bxc3 20. Rxc3 Rxc3 21. Qxc3 Qg6+ 22. Ng3 Rc8 23. Qe5 Be6 24. Rd1 Qc2 25. Qd4 h6 26. Rd2 Qb1+ 27. Kg2 Rc1 28. Ne2 Qg6+ 0-1

[Event "Rimouski"]
[Site "Rimouski CAN"]
[Date "2011.05.21"]
[Round "3"]
[White "Bolduc, Steve"]
[Black "Boucher, Antoni"]
[Result "1-0"]
[WhiteElo "2283"]
[BlackElo "1800"]
[PlyCount "59"]
[GameId "2160767909704295"]
[EventDate "2011.05.21"]
[EventType "swiss"]
[EventRounds "8"]
[EventCountry "CAN"]

1. d4 Nf6 2. c4 e6 3. g3 d5 4. Bg2 c6 5. Nf3 Be7 6. O-O O-O 7. Qc2 Nbd7 8. Nbd2 b6 9. e4 dxe4 10. Nxe4 Nxe4 11. Qxe4 Bb7 12. Qc2 Nf6 13. Ne5 Qc8 14. c5 Nd5 15. Bd2 Qc7 16. Rfe1 bxc5 17. dxc5 f6 18. Nf3 e5 19. Nh4 Bd8 20. Nf5 Bc8 21. Rad1 Rb8 22. Bc1 Ne7 23. Qc4+ Kh8 24. Nd6 Nf5 25. Nxc8 Rxc8 26. Bh3 g6 27. Bxf5 gxf5 28. Qe6 Rb8 29. Rd7 Qa5 30. Qxf5 1-0

[Event "Rimouski"]
[Site "Rimouski CAN"]
[Date "2011.05.22"]
[Round "4"]
[White "Rainfray, Arnaud"]
[Black "Bolduc, Steve"]
[Result "0-1"]
[WhiteElo "2393"]
[BlackElo "2284"]
[PlyCount "86"]
[GameId "2160767909704297"]
[EventDate "2011.05.21"]
[EventType "swiss"]
[EventRounds "8"]
[EventCountry "CAN"]

1. e4 d6 2. d4 Nf6 3. Nc3 g6 4. Nf3 Bg7 5. Be3 O-O 6. Qd2 c6 7. Bd3 b5 8. Bh6 Bg4 9. Bxg7 Kxg7 10. Ng5 e5 11. dxe5 dxe5 12. h3 Bc8 13. Ne2 Nbd7 14. Qc3 Bb7 15. f4 Qe7 16. O-O Rae8 17. b4 a6 18. a4 Nb6 19. axb5 cxb5 20. fxe5 Qxe5 21. Qxe5 Rxe5 22. Rxf6 Kxf6 23. Nxh7+ Kg7 24. Nxf8 Kxf8 25. Nc3 Re7 26. Kf2 Rc7 27. Ne2 Nc4 28. Nd4 Ke7 29. Nb3 Bc8 30. Ke2 Kd6 31. Nc5 a5 32. c3 axb4 33. cxb4 Ke5 34. Bxc4 bxc4 35. Ke3 f5 36. exf5 gxf5 37. Rc1 f4+ 38. Kf3 Kd4 39. Kxf4 Rf7+ 40. Kg3 Bf5 41. h4 c3 42. Kf2 Bd3+ 43. Kg1 c2 0-1

[Event "Rimouski"]
[Site "Rimouski CAN"]
[Date "2011.05.22"]
[Round "5"]
[White "Bolduc, Steve"]
[Black "Plante, Marc-Eric"]
[Result "1-0"]
[WhiteElo "2283"]
[BlackElo "1733"]
[PlyCount "45"]
[GameId "2160767909704298"]
[EventDate "2011.05.21"]
[EventType "swiss"]
[EventRounds "8"]
[EventCountry "CAN"]

1. d4 Nf6 2. c4 e6 3. g3 d5 4. Bg2 Be7 5. Nf3 O-O 6. O-O c5 7. cxd5 exd5 8. Nc3 Nc6 9. Bg5 b6 10. dxc5 bxc5 11. Bxf6 Bxf6 12. Nxd5 Bxb2 13. Rb1 Rb8 14. e4 Bg4 15. Qd2 Bxf3 16. Bxf3 Nd4 17. Bg2 Ba3 18. Rfd1 Qd6 19. Rxb8 Rxb8 20. Qa5 Nb5 21. Bf1 Bb4 22. Qa4 Nc7 23. Nxb4 1-0

[Event "Rimouski"]
[Site "Rimouski CAN"]
[Date "2011.05.22"]
[Round "6"]
[White "Bolduc, Steve"]
[Black "Gras, Guillaume"]
[Result "1-0"]
[WhiteElo "2284"]
[BlackElo "2132"]
[PlyCount "147"]
[GameId "2160767909704299"]
[EventDate "2011.05.21"]
[EventType "swiss"]
[EventRounds "8"]
[EventCountry "CAN"]

1. d4 f5 2. Nf3 Nf6 3. g3 g6 4. Bg2 Bg7 5. O-O O-O 6. b3 d6 7. Bb2 c6 8. c4 e5 9. dxe5 Ng4 10. Qc2 Nxe5 11. Nbd2 Qe7 12. Rad1 Na6 13. Ba3 Nc5 14. b4 Ne6 15. b5 c5 16. e3 g5 17. Nxe5 dxe5 18. Bd5 Rb8 19. Bb2 Kh8 20. Nf3 Nc7 21. Qc3 Re8 22. e4 f4 23. h4 gxh4 24. Nxh4 Qg5 25. Nf5 Bxf5 26. exf5 Qxf5 27. Rfe1 Re7 28. Be4 Qg5 29. Rd6 Ne6 30. Rxe6 Rxe6 31. Rd1 Rd8 32. Rd5 fxg3 33. fxg3 h6 34. Kg2 b6 35. Bc1 Qf6 36. Rxd8+ Qxd8 37. Bd5 Rd6 38. Qf3 Qf6 39. Qa3 Rd8 40. Be3 Rf8 41. Qd3 h5 42. Be4 Bh6 43. Bg1 Rd8 44. Bd5 Qg5 45. Qe4 Rf8 46. Be6 h4 47. Qxh4 Qxh4 48. gxh4 Kg7 49. a4 Rf4 50. Kg3 Re4 51. a5 Kf6 52. Bd5 Re1 53. Bf2 Ra1 54. axb6 axb6 55. Kf3 Bf4 56. Bc6 Ra3+ 57. Kg4 Ra2 58. Kf3 Kg6 59. Be8+ Kh6 60. Be1 Kg7 61. Bc6 Kf7 62. Bf2 Ke7 63. Bd5 Kd6 64. h5 Rb2 65. Bh4 Rh2 66. Bd8 Rxh5 67. Bxb6 Rh3+ 68. Ke4 Re3+ 69. Kf5 Ra3 70. Bd8 Kd7 71. Bf6 Kd6 72. Bg7 Ra7 73. Bf8+ Re7 74. Kf6 1-0

[Event "Rimouski"]
[Site "Rimouski CAN"]
[Date "2011.05.23"]
[Round "7"]
[White "Duplessis, Jean-Roch"]
[Black "Bolduc, Steve"]
[Result "0-1"]
[WhiteElo "1715"]
[BlackElo "2283"]
[PlyCount "60"]
[GameId "2160767909704300"]
[EventDate "2011.05.21"]
[EventType "swiss"]
[EventRounds "8"]
[EventCountry "CAN"]

1. e4 d6 2. d4 Nf6 3. e5 dxe5 4. dxe5 Qxd1+ 5. Kxd1 Ng4 6. Be3 Nxe5 7. Nc3 c6 8. h4 Ng4 9. Rh3 Nxe3+ 10. Rxe3 e6 11. Ne4 Nd7 12. Nh3 Nf6 13. Nhg5 h6 14. Nxf6+ gxf6 15. Ne4 f5 16. Nd2 Bc5 17. Re2 Bd7 18. Ke1 Rd8 19. g3 Rg8 20. Bh3 Kf8 21. c3 Bc8 22. a4 a5 23. Rb1 b6 24. Nb3 Ba6 25. Re5 Bd6 26. Re3 f4 27. Rf3 fxg3 28. Bxe6 g2 29. Rxf7+ Ke8 30. Kd2 Bf4+ 0-1

[Event "Ahuntsic-A"]
[Site "Montreal CAN"]
[Date "2011.04.03"]
[Round "1"]
[White "Bolduc, Steve"]
[Black "Lalumiere, Claude"]
[Result "1-0"]
[WhiteElo "2095"]
[BlackElo "1652"]
[PlyCount "63"]
[GameId "2160767909779030"]
[EventDate "2011.04.03"]
[EventType "swiss (rapid)"]
[EventRounds "5"]
[EventCountry "CAN"]
[SourceTitle "EXT 2013"]
[Source "ChessBase"]
[SourceDate "2012.11.22"]
[SourceVersion "1"]
[SourceVersionDate "2012.11.22"]
[SourceQuality "1"]

1. d4 Nf6 2. c4 c5 3. Nf3 cxd4 4. Nxd4 d6 5. Nc3 g6 6. e4 Bg7 7. Be2 O-O 8. O-O Nc6 9. Nc2 a6 10. Be3 b6 11. f3 Rb8 12. Qd2 Bd7 13. Rac1 Ne8 14. b4 Nc7 15. Nd5 Ne6 16. f4 a5 17. a3 axb4 18. axb4 Re8 19. Bf3 Na7 20. Qf2 Nc8 21. f5 Nf8 22. Nd4 e6 23. fxe6 fxe6 24. Nc3 Qe7 25. Qd2 Be5 26. Be2 Qg7 27. Nf3 Bf6 28. Bh6 Qh8 29. e5 Bxe5 30. Ne4 Bc6 31. Nxe5 Bxe4 32. Nf7 1-0

[Event "Ahuntsic-A"]
[Site "Montreal CAN"]
[Date "2011.04.08"]
[Round "2"]
[White "Dumont, Felix"]
[Black "Bolduc, Steve"]
[Result "0-1"]
[WhiteElo "1620"]
[BlackElo "2095"]
[PlyCount "85"]
[GameId "2160767909779040"]
[EventDate "2011.04.03"]
[EventType "swiss (rapid)"]
[EventRounds "5"]
[EventCountry "CAN"]
[SourceTitle "EXT 2013"]
[Source "ChessBase"]
[SourceDate "2012.11.22"]
[SourceVersion "1"]
[SourceVersionDate "2012.11.22"]
[SourceQuality "1"]

1. e4 d6 2. d4 Nf6 3. Nc3 g6 4. f4 Bg7 5. Nf3 c5 6. Bb5+ Bd7 7. e5 Ng4 8. e6 Bxb5 9. exf7+ Kf8 10. Nxb5 Qa5+ 11. Nc3 cxd4 12. Nxd4 Nc6 13. Ne6+ Kxf7 14. Nxg7 Nf6 15. O-O Kxg7 16. Be3 Qf5 17. Ne2 Rhe8 18. Nd4 Qe4 19. Qf3 Nxd4 20. Qxe4 Ne2+ 21. Kf2 Nxe4+ 22. Kxe2 d5 23. f5 gxf5 24. Rxf5 e6 25. Bd4+ Kg6 26. Rf3 e5 27. Be3 d4 28. Bg1 Rac8 29. Kd3 Nc5+ 30. Kd2 Ne4+ 31. Kd3 Nc5+ 32. Kd2 Ne4+ 33. Kd3 Nf6 34. Rg3+ Kf7 35. Rf1 Rc6 36. Rh3 Ke6 37. Rh6 Rf8 38. Re1 Kd5 39. c4+ dxc3 40. bxc3 b5 41. Rd1 Kd6 42. Rf1 Kd5 43. Rd1 0-1

[Event "Ahuntsic-A"]
[Site "Montreal CAN"]
[Date "2011.04.08"]
[Round "4"]
[White "Cote-Lalumiere, Tristan"]
[Black "Bolduc, Steve"]
[Result "0-1"]
[WhiteElo "1340"]
[BlackElo "2095"]
[PlyCount "66"]
[GameId "2160767909779051"]
[EventDate "2011.04.03"]
[EventType "swiss (rapid)"]
[EventRounds "5"]
[EventCountry "CAN"]
[SourceTitle "EXT 2013"]
[Source "ChessBase"]
[SourceDate "2012.11.22"]
[SourceVersion "1"]
[SourceVersionDate "2012.11.22"]
[SourceQuality "1"]

1. e4 d6 2. d4 Nf6 3. Nc3 g6 4. f3 Bg7 5. Bc4 O-O 6. Bb3 c6 7. Be3 Nbd7 8. Nge2 b5 9. a3 a6 10. Qd2 Bb7 11. g4 e5 12. g5 Nh5 13. d5 c5 14. Ng3 Nf4 15. Bxf4 exf4 16. Qxf4 Ne5 17. h4 f6 18. O-O-O fxg5 19. Qxg5 Qxg5+ 20. hxg5 Rxf3 21. Nce2 Raf8 22. Rh3 Bc8 23. Rh4 R8f7 24. c3 Bf8 25. a4 Be7 26. Kb1 Bxg5 27. Rhh1 Bg4 28. Rhg1 Rf2 29. Rde1 Rh2 30. Bd1 Rff2 31. Nf1 Rhg2 32. Nfg3 Bh4 33. Rxg2 Rxg2 0-1

[Event "Ahuntsic-A"]
[Site "Montreal CAN"]
[Date "2011.04.03"]
[Round "5"]
[White "Bolduc, Steve"]
[Black "Luo, Zhao Yang"]
[Result "1-0"]
[WhiteElo "2095"]
[BlackElo "1422"]
[PlyCount "51"]
[GameId "2160767909779054"]
[EventDate "2011.04.03"]
[EventType "swiss (rapid)"]
[EventRounds "5"]
[EventCountry "CAN"]
[SourceTitle "EXT 2013"]
[Source "ChessBase"]
[SourceDate "2012.11.22"]
[SourceVersion "1"]
[SourceVersionDate "2012.11.22"]
[SourceQuality "1"]

1. d4 Nf6 2. Nf3 g6 3. Nc3 d6 4. h3 Bg7 5. e4 O-O 6. Be3 Nbd7 7. e5 Ne8 8. Qd2 b6 9. O-O-O c5 10. e6 fxe6 11. Ng5 Nc7 12. Bc4 d5 13. Nxe6 Nxe6 14. Bxd5 cxd4 15. Bxe6+ Kh8 16. Bxd4 Nf6 17. Qe3 Qc7 18. Bd5 Bb7 19. Rhe1 Rfe8 20. Be5 Qc8 21. Bf3 Bxf3 22. Qxf3 Qf5 23. Qe3 Rad8 24. g4 Qc8 25. Nb5 Qb7 26. Nc7 1-0

[Event "Mauricie op"]
[Site "Trois-Rivieres CAN"]
[Date "2011.03.18"]
[Round "1"]
[White "Fournier, Michael"]
[Black "Bolduc, Steve"]
[Result "0-1"]
[WhiteElo "1967"]
[BlackElo "2253"]
[PlyCount "66"]
[GameId "2160767909787345"]
[EventDate "2011.03.18"]
[EventType "swiss"]
[EventRounds "5"]
[EventCountry "CAN"]
[SourceTitle "EXT 2022"]
[Source "ChessBase"]
[SourceDate "2021.10.06"]
[SourceVersion "1"]
[SourceVersionDate "2021.10.06"]
[SourceQuality "1"]

1. e4 d6 2. d4 Nf6 3. Nc3 g6 4. Bg5 Bg7 5. Qd2 h6 6. Be3 c6 7. f3 b5 8. Bd3 Nbd7 9. d5 cxd5 10. Bxb5 dxe4 11. fxe4 Bb7 12. e5 Ng4 13. e6 fxe6 14. Nf3 O-O 15. Nd4 Nc5 16. O-O-O Rc8 17. Bc4 d5 18. Be2 Nxe3 19. Qxe3 e5 20. Ndb5 d4 21. Bc4+ Kh7 22. Qe2 a6 23. Na3 e6 24. Bd3 Qg5+ 25. Kb1 dxc3 26. h4 Qg3 27. h5 Nxd3 28. hxg6+ Qxg6 29. Rxd3 Qxg2 30. Qxg2 Bxg2 31. Rg1 e4 32. Rg3 Rf1+ 33. Rxf1 Bxf1 0-1

[Event "Mauricie op"]
[Site "Trois-Rivieres CAN"]
[Date "2011.03.20"]
[Round "4"]
[White "Laptos, Krzysztof"]
[Black "Bolduc, Steve"]
[Result "0-1"]
[WhiteElo "2267"]
[BlackElo "2253"]
[PlyCount "50"]
[GameId "2160767909787397"]
[EventDate "2011.03.18"]
[EventType "swiss"]
[EventRounds "5"]
[EventCountry "CAN"]
[SourceTitle "EXT 2022"]
[Source "ChessBase"]
[SourceDate "2021.10.06"]
[SourceVersion "1"]
[SourceVersionDate "2021.10.06"]
[SourceQuality "1"]

1. e4 d6 2. d4 Nf6 3. Nc3 g6 4. Be3 Bg7 5. Nf3 O-O 6. Qd2 a6 7. Bh6 b5 8. Bd3 Bb7 9. Bxg7 Kxg7 10. Qf4 c5 11. dxc5 e5 12. Qh4 dxc5 13. O-O-O Qe7 14. Rhe1 Nbd7 15. g4 Rfe8 16. g5 Nh5 17. Bf1 Nb6 18. Bg2 c4 19. Nd5 Bxd5 20. exd5 Qd6 21. Nd2 c3 22. Ne4 Qb4 23. bxc3 Qa4 24. Bf1 Rac8 25. Kd2 Nxd5 0-1

[Event "Mauricie op"]
[Site "Trois-Rivieres CAN"]
[Date "2011.03.20"]
[Round "5"]
[White "Bolduc, Steve"]
[Black "Sambuev, Bator"]
[Result "0-1"]
[WhiteElo "2253"]
[BlackElo "2562"]
[PlyCount "126"]
[GameId "2160767909787409"]
[EventDate "2011.03.18"]
[EventType "swiss"]
[EventRounds "5"]
[EventCountry "CAN"]
[SourceTitle "EXT 2022"]
[Source "ChessBase"]
[SourceDate "2021.10.06"]
[SourceVersion "1"]
[SourceVersionDate "2021.10.06"]
[SourceQuality "1"]

1. d4 Nf6 2. Nf3 g6 3. Nc3 d5 4. Bf4 Bg7 5. e3 O-O 6. Be2 a6 7. Ne5 b6 8. O-O Bb7 9. Bg3 c5 10. a4 Nc6 11. Nxc6 Bxc6 12. a5 cxd4 13. Qxd4 Ne4 14. Qxb6 Nxg3 15. Qxc6 Nxf1 16. Bxf1 e6 17. Bxa6 Bxc3 18. bxc3 Ra7 19. Qb6 Qa8 20. Bf1 Rb8 21. Qd6 Rd8 22. Qa3 Qc6 23. a6 Rc8 24. g3 Qxc3 25. Qxc3 Rxc3 26. Ra2 Kf8 27. Be2 Ke7 28. Kf1 Kd8 29. h4 h5 30. Ke1 Kc7 31. Kd2 Rc6 32. f3 Rb6 33. Ra1 Kb8 34. e4 dxe4 35. fxe4 Rd7+ 36. Ke3 Ka7 37. Bd3 e5 38. Ra5 Re7 39. Rd5 Rb4 40. Rd6 Ra4 41. Rf6 Rd4 42. Kf3 Red7 43. Ke3 R4d6 44. Rf1 Rc7 45. Ra1 Rc5 46. Rf1 f6 47. Rg1 Rc3 48. Rb1 Rxa6 49. Kd2 Rac6 50. Rg1 Rc8 51. g4 R3c6 52. gxh5 gxh5 53. Rg6 Rh8 54. Bb5 Rd6+ 55. Ke3 Kb6 56. Bc4 Kc5 57. Bb3 Kb4 58. Rg7 Rc8 59. Rb7+ Ka3 60. Bd5 Rxc2 61. Kd3 Rc5 62. Rh7 Kb2 63. Rxh5 Ra6 0-1

[Event "Montcalm op"]
[Site "Quebec CAN"]
[Date "2011.01.07"]
[Round "1"]
[White "Bolduc, Steve"]
[Black "Sauve, Richard"]
[Result "1-0"]
[WhiteElo "2256"]
[BlackElo "1904"]
[PlyCount "93"]
[GameId "2160767909821233"]
[EventDate "2011.01.07"]
[EventType "swiss"]
[EventRounds "5"]
[EventCountry "CAN"]
[SourceTitle "EXT 2022"]
[Source "ChessBase"]
[SourceDate "2021.10.06"]
[SourceVersion "1"]
[SourceVersionDate "2021.10.06"]
[SourceQuality "1"]

1. e4 e6 2. d4 d5 3. e5 c5 4. c3 Nc6 5. Nf3 Qb6 6. a3 Nh6 7. b4 cxd4 8. cxd4 Nf5 9. Bb2 Be7 10. Be2 a5 11. b5 a4 12. g4 Nh4 13. Nxh4 Bxh4 14. O-O Na5 15. Nc3 Nc4 16. Bc1 Be7 17. Be3 Qa5 18. Bd2 Nxd2 19. Qxd2 Bd7 20. Rfc1 O-O 21. Qe3 f6 22. exf6 Bxf6 23. g5 Bd8 24. Bg4 Kh8 25. Nxd5 Qxb5 26. Nc7 Qxg5 27. Qxg5 Bxg5 28. Nxa8 Bxc1 29. Nb6 Bb2 30. Rb1 Rf4 31. h3 Bxd4 32. Nxd7 Rxf2 33. Kh1 e5 34. Rxb7 h5 35. Bxh5 Kh7 36. Rb5 Rb2 37. Rd5 Rb3 38. Bg4 Rxa3 39. Rd6 Rc3 40. Bf5+ Kg8 41. Bg6 Rxh3+ 42. Kg2 Rc3 43. Nxe5 Kf8 44. Rxd4 a3 45. Rd7 Rc5 46. Rf7+ Kg8 47. Ra7 1-0

[Event "Montcalm op"]
[Site "Quebec CAN"]
[Date "2011.01.08"]
[Round "2"]
[White "Gras, Guillaume"]
[Black "Bolduc, Steve"]
[Result "1/2-1/2"]
[WhiteElo "2039"]
[BlackElo "2256"]
[PlyCount "55"]
[GameId "2160767909821236"]
[EventDate "2011.01.07"]
[EventType "swiss"]
[EventRounds "5"]
[EventCountry "CAN"]
[SourceTitle "EXT 2022"]
[Source "ChessBase"]
[SourceDate "2021.10.06"]
[SourceVersion "1"]
[SourceVersionDate "2021.10.06"]
[SourceQuality "1"]

1. e4 c5 2. Nf3 g6 3. c3 d5 4. e5 Nc6 5. d4 Bg4 6. Be3 Nh6 7. Qb3 Qd7 8. Nbd2 Nf5 9. dxc5 Nxe3 10. fxe3 Bh6 11. c4 d4 12. Be2 Bxe3 13. Rd1 O-O-O 14. Qa3 Kb8 15. Nf1 Bf4 16. Ng3 Bxf3 17. Bxf3 Nxe5 18. O-O Bxg3 19. hxg3 Nxf3+ 20. Rxf3 e5 21. Rf6 Qe7 22. Qf3 Qxc5 23. Rxf7 Qc6 24. Qxc6 bxc6 25. Rd3 Rdf8 26. Rg7 Rfg8 27. Rf7 Rf8 28. Rg7 1/2-1/2

[Event "Montcalm op"]
[Site "Quebec CAN"]
[Date "2011.01.08"]
[Round "3"]
[White "Bolduc, Steve"]
[Black "Auger, Bertrand"]
[Result "1-0"]
[WhiteElo "2256"]
[BlackElo "1923"]
[PlyCount "51"]
[GameId "2160767909821238"]
[EventDate "2011.01.07"]
[EventType "swiss"]
[EventRounds "5"]
[EventCountry "CAN"]
[SourceTitle "EXT 2022"]
[Source "ChessBase"]
[SourceDate "2021.10.06"]
[SourceVersion "1"]
[SourceVersionDate "2021.10.06"]
[SourceQuality "1"]

1. d4 e6 2. Nf3 Nf6 3. c4 Bb4+ 4. Nc3 O-O 5. Bg5 c5 6. d5 exd5 7. cxd5 d6 8. e3 Nbd7 9. Be2 Qa5 10. O-O Bxc3 11. bxc3 Qxc3 12. Bf4 Ne4 13. Rc1 Qa5 14. Qc2 Ndf6 15. Bd3 Re8 16. Rfd1 Bd7 17. Nd2 Ba4 18. Nb3 Qb4 19. f3 g5 20. fxe4 gxf4 21. Qf2 Bxb3 22. axb3 Re5 23. exf4 Ng4 24. Qg3 Qd4+ 25. Kf1 Rg5 26. fxg5 1-0

[Event "Montcalm op"]
[Site "Quebec CAN"]
[Date "2011.01.09"]
[Round "4"]
[White "Bolduc, Steve"]
[Black "Lessard, Claude"]
[Result "1-0"]
[WhiteElo "2256"]
[BlackElo "2062"]
[PlyCount "111"]
[GameId "2160767909821243"]
[EventDate "2011.01.07"]
[EventType "swiss"]
[EventRounds "5"]
[EventCountry "CAN"]
[SourceTitle "EXT 2022"]
[Source "ChessBase"]
[SourceDate "2021.10.06"]
[SourceVersion "1"]
[SourceVersionDate "2021.10.06"]
[SourceQuality "1"]

1. d4 Nf6 2. Nf3 g6 3. Nc3 Bg7 4. e4 d6 5. h3 O-O 6. Be3 c6 7. a4 Nbd7 8. Be2 e5 9. dxe5 dxe5 10. Nd2 Ne8 11. Nc4 Qe7 12. O-O f5 13. exf5 gxf5 14. f4 e4 15. Qe1 Kh8 16. Qf2 b6 17. Rfd1 Ndf6 18. Ne5 Bb7 19. Qh4 Qb4 20. Bc4 Nd5 21. Nxd5 cxd5 22. Bxd5 Bxd5 23. Ng6+ Kg8 24. Nxf8 Bf7 25. Nxh7 Qxb2 26. Ng5 Bg6 27. Qf2 Rc8 28. Bd4 Bxd4 29. Qxd4 Qxd4+ 30. Rxd4 Rxc2 31. a5 b5 32. a6 Bh5 33. Rd7 Nc7 34. g4 fxg4 35. Nxe4 Kf8 36. Nf6 Be8 37. Nh7+ Kg8 38. Nf6+ Kf8 39. Nxe8 Kxe8 40. Rh7 g3 41. Rg7 Ne6 42. Re1 Kf8 43. Rxa7 Nd4 44. Re3 Nf5 45. Rd3 Ke8 46. Rh7 Rc1+ 47. Kg2 Rc2+ 48. Kf3 Rf2+ 49. Ke4 g2 50. a7 Ra2 51. Rd1 Ng3+ 52. Kf3 Nf1 53. Re1+ Kf8 54. a8=Q+ Rxa8 55. Kxg2 Kg8 56. Rb7 1-0

[Event "Montcalm op"]
[Site "Quebec CAN"]
[Date "2011.01.09"]
[Round "5"]
[White "Rainfray, Arnaud"]
[Black "Bolduc, Steve"]
[Result "1-0"]
[WhiteElo "2388"]
[BlackElo "2256"]
[PlyCount "65"]
[GameId "2160767909821249"]
[EventDate "2011.01.07"]
[EventType "swiss"]
[EventRounds "5"]
[EventCountry "CAN"]
[SourceTitle "EXT 2022"]
[Source "ChessBase"]
[SourceDate "2021.10.06"]
[SourceVersion "1"]
[SourceVersionDate "2021.10.06"]
[SourceQuality "1"]

1. e4 c5 2. Nf3 g6 3. d4 cxd4 4. Qxd4 Nf6 5. Nc3 Nc6 6. Qa4 d6 7. e5 dxe5 8. Nxe5 Bd7 9. Nxd7 Nxd7 10. Bb5 Bg7 11. O-O Nb6 12. Bxc6+ Kf8 13. Qe4 bxc6 14. Rd1 Qe8 15. Be3 h5 16. a4 e6 17. Bd4 f6 18. Qf3 e5 19. Bc5+ Kg8 20. Rd6 Rc8 21. Rad1 f5 22. a5 Nc4 23. Rd7 Nxb2 24. Re7 e4 25. Rxe8+ Rxe8 26. Qg3 Nxd1 27. Qxg6 Rd8 28. Qe6+ Kh7 29. Qxf5+ Kg8 30. Qe6+ Kh7 31. Nxe4 Rd5 32. h4 Rb8 33. Ng5+ 1-0

[Event "Quebec-ch Elite POM"]
[Site "Montreal CAN"]
[Date "2010.10.09"]
[Round "2"]
[White "Bolduc, Steve"]
[Black "Dumont, Felix"]
[Result "1-0"]
[WhiteElo "2281"]
[BlackElo "2078"]
[PlyCount "63"]
[GameId "2160767909863717"]
[EventDate "2010.10.08"]
[EventType "swiss"]
[EventRounds "7"]
[EventCountry "CAN"]
[SourceTitle "EXT 2013"]
[Source "ChessBase"]
[SourceDate "2012.11.22"]
[SourceVersion "1"]
[SourceVersionDate "2012.11.22"]
[SourceQuality "1"]

1. d4 Nf6 2. Nf3 g6 3. Nc3 Bg7 4. e4 d6 5. h3 O-O 6. Be3 c6 7. a4 Qc7 8. Qd2 e5 9. dxe5 dxe5 10. Rd1 Nbd7 11. Bc4 Nh5 12. O-O Nf4 13. Ba2 Nf6 14. Bc5 Nxg2 15. Kxg2 Bxh3+ 16. Kxh3 Qc8+ 17. Kh2 Bh6 18. Be3 Qg4 19. Ng1 Qh4+ 20. Nh3 Rad8 21. Qe2 g5 22. Kg2 g4 23. Rh1 Rxd1 24. Qxd1 Bxe3 25. fxe3 Nxe4 26. Nxe4 gxh3+ 27. Rxh3 Qxe4+ 28. Kh2 Qxa4 29. Qd3 e4 30. Rg3+ Kh8 31. Qc3+ f6 32. Qxf6+ 1-0

[Event "Myriam Roy Suisse"]
[Site "Varennes CAN"]
[Date "2007.11.02"]
[Round "1"]
[White "Bolduc, Steve"]
[Black "Weston, Paul"]
[Result "1-0"]
[WhiteElo "2261"]
[BlackElo "1912"]
[PlyCount "77"]
[GameId "2160767910574509"]
[EventDate "2007.11.02"]
[EventType "swiss"]
[EventRounds "5"]
[EventCountry "CAN"]

1. d4 d5 2. c4 e6 3. Nc3 Nf6 4. Nf3 Be7 5. Bf4 O-O 6. e3 c6 7. Qc2 Nbd7 8. Bg3 Re8 9. Bd3 dxc4 10. Bxc4 b5 11. Bd3 Bb7 12. e4 Nf8 13. O-O a6 14. Rfd1 Rc8 15. Qe2 Qb6 16. a4 b4 17. a5 Qa7 18. Na4 N6d7 19. Bc4 Bd8 20. Bd6 Bxa5 21. Nc5 Nxc5 22. Rxa5 Ncd7 23. Bxb4 Qb6 24. Bc3 c5 25. Rda1 cxd4 26. Bxd4 Nc5 27. h4 Nfd7 28. Ng5 h6 29. Nxf7 Kxf7 30. Qg4 Nf6 31. Qf4 Bxe4 32. Rxa6 Nxa6 33. Bxb6 Rxc4 34. Rxa6 Rec8 35. Ra7+ Kg8 36. f3 Bd5 37. Qg3 Nh5 38. Qg6 Rxh4 39. Be3 1-0

[Event "Myriam Roy Suisse"]
[Site "Varennes CAN"]
[Date "2007.11.03"]
[Round "2"]
[White "Girouard, Michel"]
[Black "Bolduc, Steve"]
[Result "0-1"]
[WhiteElo "1875"]
[BlackElo "2261"]
[PlyCount "70"]
[GameId "2160767910574512"]
[EventDate "2007.11.02"]
[EventType "swiss"]
[EventRounds "5"]
[EventCountry "CAN"]

1. e4 c6 2. d4 d5 3. exd5 cxd5 4. Bd3 Nc6 5. c3 Nf6 6. Bf4 Bg4 7. f3 Bh5 8. Ne2 e6 9. O-O Bg6 10. Ng3 Bd6 11. Bxd6 Qxd6 12. Na3 Rd8 13. Qd2 a6 14. Rae1 O-O 15. f4 Ne7 16. f5 exf5 17. Bxf5 Nxf5 18. Nxf5 Ne4 19. Rxe4 Bxf5 20. Ref4 Be4 21. c4 f5 22. c5 Qh6 23. Nb1 g5 24. R4f2 f4 25. Nc3 Rf6 26. Re1 Re6 27. Qd1 Qg7 28. b4 Rde8 29. Nxe4 Rxe4 30. Rxe4 Rxe4 31. Rd2 g4 32. a4 h5 33. b5 axb5 34. axb5 Qe7 35. Qb3 Rxd4 0-1